| 000 | 00761nam a2200205 a 4500 | ||
|---|---|---|---|
| 003 | 0 | ||
| 005 | 20250214101123.0 | ||
| 008 | 130828s19uu xx 00 eng d | ||
| 050 |
_aPGS LB 1049.3 _b.H557 2013 |
||
| 100 | _aHernando, Justin Raul. | ||
| 245 |
_aVarsity membership and study habits / _cJustin Raul Hernando. |
||
| 260 |
_aLas PiƱas City, Philippines : _bSouthville International School and Colleges, _c2013. |
||
| 300 |
_a29 pages : _billustrations ; _c28 cm. |
||
| 504 | _aIncludes bibliographical references. | ||
| 650 |
_aStudy habits _vElementary students. |
||
| 650 |
_aStudent-athletes _vStudy habits. |
||
| 650 |
_aSchool sports _vEffect on students. |
||
| 650 |
_aAcademic achievement _vExtracurricular activities. |
||
| 942 |
_2lcc _cPASS |
||
| 999 |
_c98996 _d98996 |
||